000 01252nam a22002657a 4500
003 OSt
005 20210311145352.0
008 210311s2013 ck ad||gr|||| 00| 0 spa d
020 _a9789585796331
040 _aCO-JMCR
_cCO-JMCR
041 0 _aspa
082 0 4 _a338.209861 /
_bM386e
_223
100 1 _aMartínez Ortiz, Astrid,
_eautor
_92635
245 1 0 _aEstudio sobre los impactos socio-económicos del sector minero en Colombia :
_bencadenamientos sectoriales : estudio preparado para la Asociación del Sector de la Minería a Gran Escala /
_cdirectora, Astrid Martínez Ortíz ; asistente, Tatiana Aguilar Londoño
250 _aPrimera edición
260 _aBogotá :
_bFedesarrollo,
_c2013
300 _a97 páginas :
_bilustraciones y graficas en blanco y negro ;
_c23 cm.
490 0 _aCuadernos fedesarrollo ;
_v47
504 _aBibliografía : páginas 85-89.
505 0 _aLa minería en Colombia -- Encadenamientos sectoriales en Colombia -- Experiencias internacionales en desarrollo de proveedores -- La experiencia colombiana
650 1 4 _aIndustria minera
_xAspectos socioeconómicos
_935980
650 2 4 _aInvestigaciones
_zColombia
_98994
700 1 _aAguilar Londoño, Tatiana,
_ecoautora
_935981
942 _2ddc
_cBK
999 _c15347
_d15347